000 00857nam a2200277 i 4500
001 000007218
003 DO-SdBNP
005 20230623113620.0
007 ta
008 090907s1976 dr a 001 0 spa d
040 _aDO-SdBNP
_bspa
_cBNPHU
_erda
082 _axxxx
_bL961a
_222
100 1 _aLuna Calderón, Fernando
_920023
245 1 0 _aAtlas de patología osea /
_cFernando Luna Calderón.
264 _aSan Pedro de Macorís, República Dominicana :
_bUniversidad Central del Este,
_c1976
300 _a119 paginas. :
_bilustraciones. ;
_c23 cm.
336 _2rdacontent
_atexto
_btxt
337 _2rdamedia
_asin mediación
_bn
338 _2rdacarriaer
_avolumen
_bnc
490 1 _aCientífica
_v2
504 _aIncluye referencias bibliográficas
590 _aInventariado, 2023 / DG
830 _920024
910 _aDG
942 _2ddc
_cLBS1
999 _c53925
_d53925